[Event "Horgen"]
[Site "Horgen"]
[Date "1995.10.23"]
[Round "3"]
[White "Ivanchuk, Vassily"]
[Black "Lautier, Joel"]
[Result "1-0"]
[WhiteElo "2740"]
[BlackElo "2645"]
[Annotator "Ribli,Z"]
[PlyCount "221"]
[EventDate "1995.10.??"]
[EventType "tourn"]
[EventRounds "11"]
[EventCountry "SUI"]
[EventCategory "17"]
[SourceTitle "CBM 050"]
[Source "ChessBase"]
[SourceDate "1996.02.01"]
[SourceVersion "1"]
[SourceVersionDate "1996.02.01"]
[SourceQuality "1"]

1. e4 {Hecht Endspiel-CD Lautier Knaak} c5 2. Nf3 e6 3. d4 cxd4 4. Nxd4 Nc6 5.
Nc3 Qc7 6. Be3 a6 7. Bd3 Nf6 8. O-O Ne5 9. h3 Bc5 10. Kh1 $1 d6 11. f4 Ned7 (
11... Ng6 $5 12. Qd2 O-O 13. Rf3 e5 $1 14. Nde2 Bxe3 15. Qxe3 Qc5 16. Qd2 exf4
17. Nxf4 Qg5 $10 {Polgar,J-Portisch,L/Prague/1995/CBM48/}) 12. Qe1 $5 {Eine
Neuerung.} (12. a3 b5 $1 13. Bxb5 $6 axb5 14. Ndxb5 Qb8 $1 (14... Qb6 $6 15.
Bxc5 dxc5 16. e5 $1 (16. Nd6+ $2 Ke7 17. Nxc8+ $2 Rhxc8 18. e5 Ne8 $17 {
Kasparov,G-Lautier,J/Amsterdam/1995/CBM47/INF63,154/}) 16... Ba6 17. a4 Bxb5
18. Nxb5 $44 {Kasparov}) 15. Bxc5 dxc5 16. e5 Ba6 $1 17. Nd6+ Ke7 18. Rf2 Rd8
19. Rd2 Qxb2 $17 {Hector,J-Sadler,M/Malmo/1995/CBM48/}) 12... Qb6 (12... b5 13.
b4 $5 Bxb4 14. Ncxb5 Qa5 15. Qb1 $5 (15. c3 Bc5 16. e5 $36) 15... axb5 16. Nc6
Qa4 17. Qxb4 Qxb4 18. Nxb4 Bb7 19. e5 $1 dxe5 20. fxe5 Nxe5 21. Bxb5+ $16) 13.
Na4 Qb4 14. Qxb4 Bxb4 15. Nb3 $5 {Droht /\ a3} b5 16. Nb6 Nxb6 17. Bxb6 Nd7 18.
Bd4 e5 19. c3 Bc5 20. fxe5 Bxd4 21. cxd4 dxe5 22. d5 $14 Nf6 23. Nc5 Ke7 24. a4
$1 Bd7 (24... bxa4 25. Rxa4 $16 {>< a6}) 25. a5 Rhc8 26. b4 {Weiss kann jetzt
in aller Ruhe seine Stellung verstaerken, ohne dass der Nachziehende ueber
Gegenspiel verfuegt.} Rc7 27. Rf3 Be8 28. Be2 Nd7 29. Rc3 Kd6 30. Rac1 Raa7 (
30... Rac8 $4 31. Nb7+ $18) 31. Kg1 Nf6 32. Kf2 Bd7 33. Rf3 Bc8 34. Ke3 Ne8 35.
Rcf1 f6 36. Rg3 Ke7 37. Bh5 g6 38. Bg4 Nd6 39. Bxc8 Rxc8 40. Rgf3 Rf8 41. g4
Rf7 42. Kd3 Ra8 43. R3f2 Rff8 44. h4 Rf7 45. Rf3 Rc8 46. R1f2 (46. Nxa6 Rc4
$132) 46... Rc7 47. h5 (47. Nxa6 Rc4 $132) 47... gxh5 48. gxh5 f5 $5 {Schwarz
versucht mit einem Bauernopfer von seiner sehr passiven Stellung her-
auskommen.} 49. exf5 e4+ 50. Nxe4 Nxe4 51. Re3 $5 (51. Kxe4 Kd6 $14 {Droht /\
Rc4 oder Re7 auch. Schwarz wird bald einen Bauern zurueckgewinnen und dann
bekommen wir eine solche Stellung wie in der Partie.}) 51... Kd6 52. Rxe4 Kxd5
53. f6 Kd6 54. Rf5 Rc6 $1 55. Kd4 Rc4+ $1 56. Ke3 Rc6 57. Kd4 Rc4+ 58. Ke3 Rc6
59. Kf4 h6 $1 60. Rd4+ Ke6 61. Re4+ Kd6 62. Kf3 Rc3+ 63. Kg4 Rc8 $1 {Lautier
verteidigt sich sehr gut.} 64. Rf1 Rg8+ 65. Kh4 (65. Kf5 $4 Rg5+ 66. Kf4 Rxf6+
$19) 65... Rgf8 66. Rd1+ Kc7 67. Re7+ Rxe7 68. fxe7 {Hecht: T - T Motive: a+h
vs b-Bauer, Pattgefahr!, Finale: T+a - T gefolgt von D vs T} Rf4+ {Analysefall!
} (68... Re8 69. Rg1 $5 (69. Re1 Kd7 70. Kg4 Rxe7 71. Rxe7+ Kxe7 72. Kf5 Kf7
$10) (69. Rf1 {Hecht} Rxe7 70. Rf6 Re4+ 71. Kg3 Rxb4 72. Rxh6 Kb7 73. Rb6+ Ka7
74. Rg6 Rb1 (74... Kb7 75. h6 Rb1 76. Rg4 $18) 75. Rg7+ Kb8 76. h6 $18) 69...
Rxe7 70. Rg6 Re4+ 71. Kg3 Rxb4 72. Rxh6 $16) 69. Kg3 Re4 70. Rf1 Kd7 71. Rf6
Kxe7 72. Rxh6 Rxb4 73. Rxa6 Ra4 74. Ra7+ Kf8 75. a6 Kg8 76. h6 {[#]} Kh8 (76...
b4 $1 {Hecht} 77. Rg7+ Kh8 78. a7 b3 79. Rb7 b2 $10 {Bitte prüfen!}) 77. Kf3 b4
78. Ke4 b3+ 79. Kd3 b2 80. Kc2 Rb4 81. Kb1 Rb6 (81... Rb5 {Hecht} 82. Rb7 Ra5
83. a7 $18) (81... Ra4 {Knaak} 82. Kxb2 Ra5 83. Kb3 Ra1 84. Kb4 Rb1+ 85. Kc5
Rc1+ 86. Kb6 Rb1+ 87. Kc7 Ra1 88. Ra8+ Kh7 89. Kb7 Rb1+ 90. Ka7 $18) 82. h7 {
Zugzwang!} Rb4 $2 (82... Re6 83. Ra8+ (83. Kxb2 {Lautier} Rb6+ $1 84. Ka3 Rb3+
$10) 83... Kxh7 84. Kxb2 $10 {Theoretische Remistellung.}) 83. Rc7 Ra4 84. Rc8+
$2 {Wichtige Tempoverlust} (84. Rc6 $1 {Lautier} Kxh7 85. Kxb2 Kg7 86. Kb3 Ra1
87. Kb4 Kf7 88. Kb5 Ke7 89. Kb6 Kd7 90. Kb7 $18) (84. a7 $2 Ra1+ (84... Rxa7 $1
$10 {Hecht}) 85. Kxb2 Rxa7 86. Rxa7 $10) 84... Kxh7 85. Rc6 (85. Rc7+ Kg6 86.
a7 Kf6 87. Kxb2 Ke6 88. Kb3 Ra1 89. Kb4 Kd6 90. Rh7 Kc6 $10) 85... Rb4 $2 (
85... Kg7 $1 86. Kxb2 Kf7 87. Kb3 Ra1 88. Kb4 Ke7 89. Kb5 Kd7 90. Rc4 Rb1+ $10)
86. a7 Ra4 87. Rc7+ Kg6 88. Kxb2 Kf6 89. Kb3 Ra1 90. Kb4 Ke6 91. Kb5 Kd6 {[#]}
92. Rc6+ (92. Rh7 {Hecht} Rb1+ 93. Ka6 Ra1+ 94. Kb7 Rb1+ 95. Kc8 Ra1 96. Kb8
Rb1+ 97. Rb7 $18 {ist viel einfacher}) 92... Kd5 93. Ra6 Rb1+ 94. Ka5 Kc5 95.
Rc6+ $1 {Hecht: Bekannter Gewinnweg.} Kxc6 (95... Kd5 96. Rc8 Ra1+ 97. Kb6 Rb1+
98. Kc7 Rc1+ 99. Kd8 $18) 96. a8=Q+ Kc7 {Hecht: Gewinn in 20 Zügen lt.
Endspiel-CD beginnend mit 97.Df3! 97.Da7 ist nur wenig schlechter.} 97. Qa7+
Rb7 98. Qc5+ Kb8 99. Ka6 Rd7 100. Qe5+ Kc8 101. Kb6 Kd8 102. Kc6 Rf7 103. Qg5+
Ke8 104. Kd6 Kf8 (104... Rf6+ $1 {Endspiel-CD With only a few seconds
remaining on the clock Ivancuk would have been surprised on this move. Mit nur
noch wenigen Sekunden auf der Uhr wäre Ivanchuk über diesen Zug sicher sehr
überrascht gewesen.} 105. Ke5 Ra6 106. Qd2 {White needs 21 exact moves to win.
Noch 21 genaue Züge bis zum Gewinn.}) 105. Ke6 Rh7 106. Qf6+ Kg8 107. Qg6+ Rg7
108. Qe8+ Kh7 109. Kf6 Rg4 110. Qh5+ Kg8 111. Qxg4+ 1-0

[Event "Horgen"]
[Site "Horgen"]
[Date "1995.10.29"]
[Round "8"]
[White "Ehlvest, Jaan"]
[Black "Ivanchuk, Vassily"]
[Result "1/2-1/2"]
[WhiteElo "2630"]
[BlackElo "2740"]
[Annotator "Donev,I"]
[PlyCount "39"]
[EventDate "1995.10.??"]
[EventType "tourn"]
[EventRounds "11"]
[EventCountry "SUI"]
[EventCategory "17"]
[SourceTitle "CBM 050"]
[Source "ChessBase"]
[SourceDate "1996.02.01"]
[SourceVersion "1"]
[SourceVersionDate "1996.02.01"]
[SourceQuality "1"]

1. d4 Nf6 2. Nf3 g6 3. c4 Bg7 4. Nc3 d5 5. cxd5 Nxd5 6. e4 Nxc3 7. bxc3 c5 8.
Be3 Bg4 9. Qd2 (9. Qa4+ Nc6 10. Ne5 cxd4 11. Nxc6 bxc6 12. cxd4 O-O 13. Rc1 Bd7
14. Rc5 Qb8 15. Bd3 e5 16. Bc2 exd4 17. Bxd4 Qd6 18. Be3 Be5 19. O-O Qc7 20. f4
Bd6 21. Ra5 c5 22. Qa3 Rfc8 23. Qc3 Bf8 24. e5 Rab8 25. f5 Bg7 26. fxg6 hxg6
27. Rxc5 Qxe5 28. Qxe5 Bxe5 29. Bxg6 Bxh2+ 30. Kxh2 fxg6 31. Rg5 Rc6 {1/2-1/2
Kasparov,G-Razuvaev,Y/URS-ch47 Minsk ;URS-ch 1979}) (9. Rc1 cxd4 10. cxd4 O-O
11. Be2 Qa5+ 12. Qd2 Qxd2+ 13. Nxd2 Bxe2 14. Kxe2 e6 15. Rc7 Rd8 16. Rb1 Na6
17. Rcxb7 Bxd4 18. Nf3 Bxe3 19. Kxe3 Rac8 20. Kf4 Rc2 21. Rxa7 Nc5 22. Rb5 Rc4
23. a3 e5+ 24. Kg4 h5+ 25. Kg5 Nxe4+ {Plachetka,J-Sax,G/EU-chT Skara (04) ;
EU-chT 1980/1-0 (42)}) (9. Bb5+ Nc6 10. Bxc6+ bxc6 11. O-O O-O 12. Rc1 Qa5 13.
Qe2 Rad8 14. Rfd1 Qa4 15. e5 f6 16. exf6 Bxf6 17. Bh6 Rfe8 18. dxc5 Rxd1+ 19.
Rxd1 Bxc3 20. h3 Bf5 21. Ng5 Bf6 22. g4 Bc8 23. Rd6 Qb5 24. Qe4 Bxg5 25. Rxg6+
{1-0 Angantysson,H-Doncevic,D/BL 8384 (1984) ;BL 80 1984}) 9... cxd4 10. cxd4
Nc6 11. Rd1 O-O 12. Be2 Rc8 13. O-O Qa5 14. Qxa5 Nxa5 15. Rc1 Nc6 16. d5 Bxf3
17. Bxf3 Nd4 18. Rfd1 b6 19. Bxd4 Rxc1 20. Rxc1 (20. Rxc1 Bxd4 21. Rc7 e6 $10)
1/2-1/2

[Event "Horgen"]
[Site "Horgen"]
[Date "1995.10.30"]
[Round "9"]
[White "Ivanchuk, Vassily"]
[Black "Jussupow, Artur"]
[Result "1-0"]
[WhiteElo "2740"]
[BlackElo "2680"]
[Annotator "Jussupow,A"]
[PlyCount "123"]
[EventDate "1995.10.??"]
[EventType "tourn"]
[EventRounds "11"]
[EventCountry "SUI"]
[EventCategory "17"]
[SourceTitle "CBM 050"]
[Source "ChessBase"]
[SourceDate "1996.02.01"]
[SourceVersion "1"]
[SourceVersionDate "1996.02.01"]
[SourceQuality "1"]

1. e4 {Hecht Ftacnik Kasparov Endspiel-CD} e5 2. Nf3 Nf6 3. d4 Nxe4 4. Bd3 d5
5. Nxe5 Bd6 6. O-O O-O 7. c4 Nc6 8. Nxc6 (8. f4 Nxd4 9. Bxe4 Bxe5 10. Bxh7+
Kxh7 11. fxe5 c5 12. Qh5+ Kg8 13. Bg5 Qd7 14. Nc3 Qg4 15. Qxg4 Bxg4 16. cxd5
Ne2+ 17. Nxe2 Bxe2 {Steiner,L-Rejfir,J/Maribor (06)/1934/1-0 (69)}) 8... bxc6
9. c5 (9. Nc3 {Ftacnik} f5 10. f3 Ng5 11. Be3 Be6 {Parma-Trifunovic/Beograd/
1964/}) 9... Be7 10. Nc3 (10. Qc2 {Ftacnik} f5 $10) (10. Nd2 {Ftacnik} Nxd2 (
10... Bf6 11. Nb3 a5 12. a4 Qd7 $10) (10... Bf5 {Aitken-Hooper/Felixstowe/1949/
} 11. Nb3 Qd7 $10 {Forintos, Haag}) 11. Bxd2 Bf6 12. Bc3 a5 13. Bc2 Qd7 14. h3
g6 15. Re1 Bg7 16. Ba4 Ra6 17. Qf3 Qd8 18. Re2 Bd7 19. Rae1 f5 {Geller,
E-Naranja,R/Palma de Mallorca izt (04)/1970/1-0 (43)}) (10. f3 {Ftacnik} Ng5
11. Nc3 Re8 $1 {Kasparov-Yusupov/Horgen (04)/1995/1/2-1/2/ ;CBM 50} (11... f5
12. Be3 Ne6 13. b4 f4 14. Bf2 Bh4 15. b5 Bd7 16. Qc2 Bxf2+ 17. Qxf2 cxb5 18.
Nxd5 Be8 19. Rfe1 Bf7 {Matulovic,M-Zuidema,C/EU-chT Hamburg (02)/1965/1-0 (42)}
) (11... Bf6 12. Be3 Re8 13. Bf2 Rb8 14. Qc2 g6 15. a3 Ne6 16. Ne2 Ng7 17. g4
Bh4 18. Bg3 Bf6 19. Kg2 Ne6 20. Qc3 Ng7 21. b4 {Lupu,S-Delanoy,A/Torcy op/1991/
1/2-1/2 (47)})) 10... Bf6 (10... Bf5 $5 11. Qc2 Bg6 12. Ne2 Ng5 $14) (10... f5
11. Ne2 (11. f3 Ng5 12. Qa4 $1 Qd7 13. Bf4 $14 (13. Ne2 Ne6 14. Nf4 Nd8 15. Re1
Bf6 $10 {Schmid-Krebs/corr/1951-52/})) 11... Bf6 12. Qa4 Bd7 13. f3 Ng5 14. Nf4
Qe7 15. Bd2 $14 {Timman-Yusupov/Linares/cm(8)/1992/-54/286} (15. Bd2 {Ftacnik}
g6 16. Rae1 Qg7 17. Bc3 h5 18. Ba6 $1 Rab8 19. Nd3 h4 20. Ne5 $16 {Timman,
J-Yusupov,A (08)/Linares csf2/1992/1-0 (49)})) 11. Qc2 $1 $14 {Ftacnik: Once
black have refrained from f7-f5 white hopes to make a fortune along the b1-h7
diagonal.} (11. Nxe4 dxe4 12. Bxe4 Ba6 (12... Qxd4 13. Qc2 $14 {Polugaevsky})
13. Bxc6 Rb8 14. Re1 Bxd4 $10 {Keres}) (11. Be3 {Ftacnik}) 11... Bxd4 (11...
Bf5 12. Nxe4 (12. Be3) 12... dxe4 13. Bxe4 Bxe4 14. Qxe4 Qxd4 15. Qxc6 $16) (
11... Nxc3 {Ftacnik} 12. bxc3 h6 13. Bf4 $14) 12. Nxe4 (12. Bxe4 dxe4 13. Rd1
Qf6 14. Nxe4 Qe5 15. Bf4 Bxf2+ $10) 12... dxe4 13. Bxe4 Qh4 (13... Ba6 14. Rd1
Bxf2+ 15. Kxf2 Qh4+ 16. g3 $1 (16. Kg1 Rae8) 16... Qxh2+ 17. Bg2 $18 {Kasparov}
) (13... g6 14. Bxc6 $16) 14. g3 (14. Bxc6 {Ftacnik} Ba6 $132) 14... Qf6 (14...
Qh5 15. Bf4 (15. Be3 $1 $16 {Ftacnik}) 15... Rb8 16. Rab1 $14 Rb5 17. b4) 15.
Be3 $1 Bxe3 (15... Bxb2 $2 16. Rab1 Rb8 (16... Bd4 17. Bxh7+ Kh8 18. Rb4 Bxe3
19. fxe3 Qh6 20. Rh4 $40) (16... Bc3 {Ftacnik} 17. Bxh7+ $16) 17. Bc1 $1 $18) (
15... g6 {Ftacnik} 16. Bxd4 Qxd4 17. Rad1 Qf6 18. b4 $16) 16. fxe3 (16. Bxh7+
$5 Kh8 17. fxe3 Qe5 18. Be4 Rb8 $14) 16... Qh6 17. Rf4 {Ftacnik: White's
strategy is very powerful. He managed to exchange the strong Bd4 and black was
left with weaknesses on the white squares (c6,h7).} g5 (17... Rb8 $5) (17...
Rb8 {Ftacnik} 18. Raf1 $16) 18. Rf2 Bh3 19. Bf5 Rae8 $2 (19... Bxf5 20. Rxf5
Qg7 $14) 20. Qc3 $1 $16 Qh5 $2 (20... Bxf5 21. Rxf5 Re6 22. Raf1 Qg6 23. Qa5
$16 Rxe3 24. Qxc7 Re1 25. Rxe1 Qxf5 26. Qxc6 Rc8 27. Re8+ $18) 21. Bxh3 Qxh3
22. Qf6 {Ftacnik: The story is still about the weak pawns and the advantage in
the endgame, exposed nature of the black's K is only the means to achieve the
main goal.} h6 (22... Qg4 {Ftacnik} 23. Qxc6 $16) 23. Qxc6 Re7 (23... Qe6 24.
Qxc7 Qxe3 25. Qxa7 Re5 26. Qa5 Rxc5 27. Qd2 $18) 24. Raf1 Qe6 (24... Rd8 {
Ftacnik} 25. Rf6 Kg7 26. Rg6+ $1 fxg6 27. Qf6+ Kg8 28. Qxe7 $18) (24... Rxe3 {
Ftacnik} 25. Qxc7 $16) 25. Qxe6 Rxe6 26. Rf6 Rxe3 (26... Rxf6 {Ftacnik} 27.
Rxf6 Kg7 28. Rc6 $16) 27. Rxh6 Re2 28. Rf2 Rxf2 (28... Rfe8 {Ftacnik} 29. Ra6
$16) 29. Kxf2 {Hecht: T - T Motive: Abwicklung in das Endspiel T+c+h vs T mit
schlecht postiertem wT; schwarze Verteidigungsidee: Blockade des c-Bauern mit
dem K und seitlicher Angriff auf den h-Bauern.} f6 30. g4 Kg7 (30... Rb8 31.
Rxf6 Rxb2+ 32. Ke3 Rxa2 33. Rc6 $16) 31. Rh3 f5 (31... Rb8 {Ftacnik} 32. Rb3
$18) 32. Ra3 (32. Rf3 {Ftacnik} f4) 32... fxg4+ (32... Rd8 33. Rxa7 Rd2+ $16)
33. Kg3 Rf5 $2 (33... Rb8 $142 34. b3 (34. Rxa7 {Ftacnik} Rxb2 35. Rxc7+ Kf6
36. Ra7 $16) 34... Rb5 35. Rxa7 Rxc5 36. Kxg4 Kf6 37. a4 $16) 34. b4 $18 Rf4
35. b5 Rb4 (35... Rc4 {Ftacnik} 36. c6 Rb4 37. Rxa7 Rxb5 38. Rxc7+ $18) 36.
Rxa7 Rxb5 37. Rxc7+ Kf6 38. c6 Ra5 39. Rc8 Ra3+ (39... Ke7 40. Rh8 Kd6 41. Rh6+
Kc7 42. Kxg4 $18) (39... Rxa2 {Ftacnik} 40. c7 Ra3+ 41. Kxg4 Ra4+ 42. Kf3 $18)
40. Kxg4 Ra4+ (40... Rxa2 {Ftacnik} 41. c7 $18) 41. Kf3 Ra3+ (41... Ke7 42. Rg8
Kd6 43. Rxg5 Kxc6 44. Rg2 $18) 42. Ke4 Ke7 43. Rh8 Kd6 44. Rh6+ Kc7 45. Kf5
Ra5+ 46. Kg4 Rxa2 (46... Rc5 {Ftacnik} 47. a4 Kb6 48. Rg6 Rc2 49. h3 $18) 47.
Kxg5 {[#] Vgl. Sax - Hecht (Endspiel Nr.8) sowie CHESSBASE MAGAZIN No.33} Ra5+
(47... Rg2+ 48. Kf4 Rf2+ 49. Ke3 Rc2 50. h4 $18) 48. Kf4 Ra4+ 49. Ke5 Ra5+ 50.
Kd4 Ra4+ 51. Kc5 Ra5+ 52. Kc4 Rg5 (52... Ra4+ 53. Kb5 $18) 53. h4 Re5 54. h5
Rg5 55. Kd4 Kb6 (55... Rf5 56. Ke4 Rg5 57. Kf4 Rd5 58. Rh8 Kxc6 59. h6 Rd4+ (
59... Rd6 60. h7) 60. Ke5 Rd5+ 61. Ke4 Rh5 62. Kf4 $18 Kd7 63. h7 Ke7 64. Ra8)
(55... Rg4+ 56. Ke5 Rg5+ 57. Kf6 Rc5 58. Rh8 Rc1 59. h6 Rf1+ 60. Kg7 Rg1+ 61.
Kh7 Kxc6 62. Rd8 $18) (55... Ra5 56. Ke4 Rb5 (56... Rc5 $5 {Hecht} 57. Kf4 (57.
Rh8 $5 Rxc6 58. Kf5 {Lt. ENDSPIEL-CD Gewinn in 17 Zügen!}) 57... Rc4+ 58. Kf5
Rc5+ 59. Kg6 Rxc6+ 60. Kg7 Rc5 61. Rh8 Kb7 $10) 57. Kf4 Rb4+ 58. Kf5 Rb5+ 59.
Kg6 Kxc6 60. Rh7 Kd6 61. h6 Ke6 62. Ra7 Rb1 63. Kg7 $18) 56. Ke4 Rc5 57. Kf4
Kc7 58. Rh7+ Kxc6 (58... Kb6 59. c7 Kb7 60. h6 Rc6 61. Rh8 $18) 59. h6 (59. Kg4
$18) 59... Rh5 60. Rh8 Rh1 (60... Kd7 {Ftacnik} 61. h7 Ke7 62. Ra8 $18) 61. Kg5
Rh3 62. Rd8 1-0

[Event "Belgrade Investbank"]
[Site "Belgrade"]
[Date "1995.??.??"]
[Round "5"]
[White "Gelfand, Boris"]
[Black "Ivanchuk, Vassily"]
[Result "1-0"]
[WhiteElo "2685"]
[BlackElo "2740"]
[Annotator "Gelfand,B"]
[PlyCount "185"]
[EventDate "1995.11.??"]
[EventType "tourn"]
[EventRounds "11"]
[EventCountry "YUG"]
[EventCategory "17"]
[SourceTitle "CBM 051"]
[Source "ChessBase"]
[SourceDate "1996.04.01"]
[SourceVersion "1"]
[SourceVersionDate "1996.04.01"]
[SourceQuality "1"]

1. d4 {Endspiel-CD} Nf6 2. c4 c5 3. d5 b5 4. Nf3 g6 5. cxb5 a6 6. b6 Qxb6 7.
Nc3 Bg7 8. e4 d6 9. Nd2 Nbd7 10. Be2 O-O 11. Nc4 Qd8 $146 (11... Qc7 {Alterman,
B - Adams,M, Cap d'Agde - 62/66}) 12. Bf4 Nb6 13. Ne3 Ne8 $5 14. O-O Nc7 {/\Nb5
} (14... e5 15. dxe6 fxe6 16. a4 $1 a5 17. Qb3 $16) 15. a4 (15. Qd2 Nb5 16.
Nxb5 axb5 17. Bxb5 Ba6) 15... a5 16. Qd2 $2 (16. Rc1 $1 Ba6 17. b3 (17. Bxa6
Nxa6 18. b3) 17... Bxe2 18. Nxe2 (18. Qxe2 e5 $5) 18... Qc8 19. Nc3 Qa6 20. Nb1
$5 $14 {/\Rc2,Na3-b1} (20. Nc4)) 16... Ba6 17. Rfd1 (17. Rac1 Bxe2 18. Qxe2 e5
$5 19. dxe6 Nxe6 20. Bg3 Nd4) (17. Bxa6 Nxa6 18. b3 c4 19. Nxc4 Nxc4 20. bxc4
Rc8) (17. Bg3 Qd7 18. Rfd1 Rfb8) 17... Rb8 $5 (17... Bxe2 18. Nxe2 (18. Qxe2 e5
19. dxe6 Nxe6 20. Bg3 (20. Bxd6 Nd4 21. Rxd4 cxd4 22. Bxf8 Kxf8) 20... Nd4)
18... Na6 19. Rdc1 Qd7 20. Nc4 Nxc4 21. Rxc4 Rfb8) 18. h4 $5 (18. Rac1 {/\b3}
Bxe2 19. Qxe2 e5 20. dxe6 Nxe6) (18. Nb5 Nxa4 $1 19. Nxc7 Bxe2 (19... Rxb2 $5)
20. Qxe2 Nxb2) 18... Bxe2 19. Qxe2 e5 $1 20. dxe6 (20. Bg3 f5) 20... Nxe6 21.
Bg5 $1 (21. Bg3 Nd4 $17) 21... Qd7 (21... f6 22. Qg4 Qd7 23. Bf4 $13) (21...
Nxg5 $1 22. hxg5 Qxg5 23. Rxd6 c4 (23... Rfe8 24. Qb5 $5) 24. Rad1 Qc5 $15) 22.
Qg4 (22. Ned5 Nxd5 23. exd5 Nd4 $15) 22... f5 (22... f6 23. Bf4) (22... h5 23.
Qg3 Be5 24. f4 Bd4 25. Kh1 $13) (22... h6 23. Bf4 h5 24. Qg3 Nxf4 25. Qxf4 Be5
26. Qg5 c4 27. Rd2 Rfe8 $13 {/=}) (22... Nd4 23. Qxd7 Nxd7 24. Be7 Rfe8 25.
Bxd6 Rxb2 26. Rab1 $14) 23. exf5 gxf5 24. Qh5 f4 $4 (24... Nd4 25. Bh6 (25.
Ned5 Nxd5 26. Nxd5 Qf7 $1 $17) 25... Qe6 26. Bxg7 Kxg7 27. Nb5 $1 $132) 25. Ng4
Rbe8 $2 (25... Nd4 26. Re1 $140 Qf7 27. Qxf7+ Rxf7 28. Re4 $13) 26. Ne4 $18
Nxg5 27. Rxd6 $2 (27. Nxg5 Bd4 (27... Qf5 28. Rxd6 Nc4 29. Rf6 $1) 28. Re1 $1
$18) 27... Nxe4 28. Rxd7 Nxd7 29. Qd5+ Rf7 30. Re1 Nd6 $1 (30... Nef6 31. Nxf6+
Nxf6 32. Rxe8+ Nxe8 33. Qd8 $16) 31. Rxe8+ Nxe8 32. Qa8 Re7 33. Qxa5 Bxb2 $138
(33... h5 34. Nh2 Bxb2 35. Nf3 $14) (33... Bd4 34. Nh6+ Kf8 35. Nf5) 34. Qd2
Bd4 35. Qxf4 $2 $138 (35. Nh6+ Kf8 36. Nf5 Rf7 (36... Re4 37. a5) 37. Nxd4 cxd4
38. Qxd4 $18) 35... Nef6 36. a5 (36. Nh6+ $2 Kf8 37. Nf5 $4 Re1+ 38. Kh2 Be5
$18) 36... Nxg4 37. Qxg4+ Kf7 38. a6 Nf6 39. Qc8 (39. Qf5 $5 c4 (39... Re2 40.
Kf1 (40. a7 Ra2)) (39... h5 40. Kf1 c4 41. Qc8 Ba7) 40. Qc8 $5 Ba7 41. Qxc4+
Kg7 42. g4 $140 Ne4) 39... Ne4 $2 (39... h5 $10) 40. Qf5+ Kg7 (40... Nf6 41. g4
$36) 41. a7 Bxf2+ (41... Rxa7 42. Qxe4 Rf7 $10) 42. Kh2 (42. Qxf2 Nxf2 43. a8=Q
Ng4 44. Qa1+ Re5 $10) 42... Rxa7 43. Qxe4 Bd4 44. Kh3 (44. g4 Rf7 45. g5 (45.
h5 Bf6 $10) 45... h6 46. g6 Rf2+ 47. Kg3 h5 $10) 44... Kf6 $2 (44... Rf7 $10)
45. g4 Ra3+ (45... Kg7 46. h5 $1 Bf6 (46... Ra3+ 47. Kh4 Bf2+ 48. Kg5 h6+ 49.
Kf5 Be3 50. Qe7+ Kg8 51. Qb7 $18) 47. Qf5) 46. Kg2 Ra2+ 47. Kf3 Ra3+ 48. Kg2
Ra2+ 49. Kf1 Rf2+ 50. Ke1 Kg7 51. g5 Rf7 (51... h6 $2 52. Qe7+ Rf7 53. gxh6+
Kg8 54. Qe8+ Rf8 55. h7+ Kg7 56. Qe7+ Rf7 57. h8=Q+ $18) 52. h5 Kf8 53. Qa8+
Ke7 54. Qb7+ Ke6 55. Qc6+ Ke7 56. h6 Rf5 (56... Kf8) 57. Qc7+ (57. g6 hxg6 58.
Qxg6 Rf8 59. h7 Bh8 $1 $10) 57... Ke6 58. Qc8+ Ke5 59. g6 hxg6 60. h7 Kf4 61.
h8=Q Bxh8 62. Qxh8 Kg5 (62... g5 63. Kf2 (63. Ke2 Kg3 $10) 63... Ke4+ 64. Ke2 (
64. Kg2 Re5 $10) 64... Re5) 63. Ke2 Rf7 64. Kd3 Rf3+ 65. Kc4 Rf5 66. Qg7 Kh5
67. Qh7+ Kg5 68. Qh8 {CD3 Dies ist noch kein fünfsteiniges Endspiel, aber man
kann trotzdem die Endspiel CD einsetzen, indem man in ChessBase für Windows
mit Strg-Sh + S die Stellungseingabe aufruft und dann den Bauern c5 vom Brett
nimmt. Das Resultat: Mit 68...Rf4 oder 68...Kg4 hält Schwarz ohne den Bauern
c5 remis (theoretisch!).} Kg4 69. Qh6 g5 {Dieser Zug macht einen schlechten
Eindruck, weil er die folgende Fesselung ermöglicht. Ohne den Bauern c5 (wie
oben beschrieben) würde das Manöver 69...Rf4 und dann 70...g5 zum remis
genügen. "...zum remis genügen..", das ist so leicht daher gesagt. In
Wirklichkeit ist der Weg nicht leicht nachvollziebar. Offenbar ist aber die
schwarze Aufstellung günstig, da der Turm den weißen König links abwehrt und
die Dame rechts keinen Platz zum manövrieren hat.} 70. Qe6 Kf4 {Erzwungen.} 71.
Kd3 {droht Qe4 mit Turmgewinn.} Re5 (71... g4 72. Qe3#) 72. Qf6+ Rf5 73. Qd6+
Re5 {Hier würde sich das Fehlen des Bauern c5 sofort negativ auswirken, weil
Kd4 mit Turmgewinn möglich wäre. Das bedeutet, daß Schwarz durch den Bauern c5
zusätzlich Verteidigungsresourcen hat.} (73... Kf3 74. Qe6 (74. Qc6+ Kg3 75.
Qg6 Rf3+ 76. Kc4 g4 $10) 74... Rf4 75. Qh3+ Kf2 76. Qh5 c4+ $1 (76... g4 $4 {
Gelfand} 77. Qh2+ Kf3 78. Qe2+ Kg3 79. Qe5 $18) 77. Kc3 g4 $10) 74. Qf6+ Rf5
75. Qh6 {In der Stellung ohne Bauern c5 würde jetzt 75...Kg3 zum remis führen.}
Re5 {Schwarz braucht der Dame nicht zu erlauben nach h2 zu gelangen.} (75...
Rd5+ 76. Ke2 $5) (75... Kf3 $2 {Gelfand} 76. Qh3+ Kf4 77. Qe3+ Kg4 78. Qe6 $18)
(75... Kg3 $5 76. Qd6+ (76. Qh5 Rf3+ 77. Ke2 g4 78. Qxc5 Kh3 $10) 76... Rf4 77.
Qxc5 Rf3+ 78. Ke4 g4 $10) 76. Qh2+ Kf5 77. Qf2+ Ke6 $2 (77... Kg4 $5 78. Qf6
Rd5+ 79. Ke3 Rd4 $10) 78. Qf3 Kd6 {Mit dem König auf g4 oder g3 hatte die Dame
keine Möglichkeit raumgreifend zu manövrieren. Aber jetzt, wo der schwarze
König im freien Feld steht, kann sie Ihre ganze Kraft entfalten.} 79. Kc4 Ke6
80. Kb5 Rf5 (80... Kd6 {Endspiel-CD} 81. Qf7 Rd5 $2 82. Qf6+ Kd7 83. Qc6+ $18)
81. Qh3 Kf6 (81... Ke5 82. Kxc5 Kf4+ 83. Kd4 $18) 82. Qh6+ Kf7 {Damit sind
Turm und König voneinander gertrennt.} (82... Ke5 {RR: Gelfand unterlaufen in
seiner Analyse einige lehrreiche Fehler, die von der CD sehr schön aufgedeckt
werden.} 83. Kxc5 $18 g4 $5 (83... Kf4+ 84. Kd6 $1 $18 {CD} (84. Kd4 {Gelfand:
!, CD: ?} Kg3 85. Ke3 Rf3+ 86. Ke2 g4 $10 {CD3}) 84... Kg4 85. Qe6 $8 Kf4 86.
Qd7 Kg4 87. Ke7 Kf4 88. Ke6 Kg4 89. Qd1+ Rf3 90. Ke5 Kg3 91. Qg1+ Kh4 92. Qh2+
Kg4 93. Qg2+ Rg3 94. Qe4+ Kh3 95. Qe2 g4 96. Kf4 Rf3+ 97. Kg5 $8 Rg3 98. Qf2
Rf3 99. Qh4+ $18 {CD3}) (83... Ke4+ 84. Kd6 g4 85. Qg6 Kf4 86. Ke6 Re5+ 87. Kf6
Ra5 (87... Re3 88. Qf5+ Kg3 89. Kg5 $18) 88. Qd3 $18) 84. Qg6 $18 {CD3 Nur so!}
(84. Qe3+ Kf6+ 85. Kd6 (85. Kd4 Rf3 (85... Kg6 $10 {CD3}) 86. Qe5+ (86. Qh6+
Kf5 87. Qh5+ Kf4 (87... Kf6 88. Qxg4 $18) 88. Qe5#) 86... Kg6 87. Ke4 Kh6)
85... Rf3 $140 (85... Kg6 $1 $10 {CD3}) 86. Qh6+ Kf5 87. Qe6+)) 83. Kc4 Re5 84.
Kd3 Ke7 85. Qg6 Rd5+ 86. Ke4 Rd4+ 87. Ke5 Kd7 88. Qb6 Rf4 89. Qe6+ Kc7 90. Qd6+
Kc8 91. Qxc5+ {Das Endspiel ist nicht mehr spannend. Mit dem abseits stehenden
König ist Schwarz chancenlos.} Kd7 92. Qd6+ Kc8 93. Qg6 1-0